000 00600nam a22002297a 4500
003 UA-OsUOA
001 69350
007 ta
008 20100617b un ||||| |||| 00| 0 ukr d
100 _aВовк В.
700 _aМахота А.
090 _a330(477)
_bВ61
942 _cSA
040 _aUA-OsUOA
_bukr
_cUA-OsUOA
_dUA-OsUOA
245 _aПро оцінку динамічних конкурентних переваг банку
300 _aС.35-43
955 _a0
041 _aukr
080 _a330(477)
773 0 _w69346
650 7 _a330 Економіка взагалі
_2UDC
999 _c355600
_d355600